01906nam a22004337a 4500001000500000005001700005020001700022040005400039082001000093100001400103245003300117260005300150300004900203490002400252505000800276520028500284521002900569521002000598650003700618650004700655650003600702650003500738650004300773650006000816650005700876650003900933650004100972650004001013650006301053650005201116655002501168655004601193655004601239655005401285655003501339655002701374655003701401655003401438395020250919153734.0 a708431212121 aYDXbengcYDXdJRZdOCLCOdOCLCFdOCLCOerdadDLC04a372.4 aLeapFrog 00aGet ready for kindergarten : aCalifornia : bLeapFrog Enterprses, Inc ; c2012 a25 pages :bcolor illustrations ;c24 cm .  aTag Reading System 0 aH  aExplore key reading, mathematics and life skills that help children prepare for school. Play ... letter games with animal friends and use mathematics skills to serve snacks to silly dragons. Plus, solve logic puzzles and learn about daily routines on a jungle journey."--Container a450 bLexile estimate  aH bRaz-Plus  0aKindergartenxActivity programs. 0aReadiness for schoolvJuvenile literature. 0aAlphabetsvJuvenile literature. 0aCountingvJuvenile literature. 6aJardins d'enfantsxMéthodes actives. 6aAptitude à la scolaritévOuvrages pour la jeunesse. 6aAlphabets (Décoration)vOuvrages pour la jeunesse. 6aCalculvOuvrages pour la jeunesse. 7aAlphabets.2fast0(OCoLC)fst00805974 7aCounting.2fast0(OCoLC)fst00881354 7aKindergartenxActivity programs.2fast0(OCoLC)fst00987553 7aReadiness for school.2fast0(OCoLC)fst01090623 7aexercise books.2aat 7aActivity books.2fast0(OCoLC)fst01982935 7aJuvenile works.2fast0(OCoLC)fst01411637 7aProblems and exercises.2fast0(OCoLC)fst01423783 7aProblems and exercises.2lcgft 7aActivity books.2lcgft 7aProblèmes et exercices.2rvmgf 7aCahiers d'activités.2rvmgf